000
00258nam a2200109Ia 4500
008
190919s9999||||xx |||||||||||||| ||und||
100
_a
Greener,Michael
245
0
_a
Business Dictionary
260
_a
New Jersey
_b
Thomson
_c
1994
300
_a
218
942
_c
BK
999
_c
11245
_d
11245